000 01443cam a22004094a 4500
001 4080604
003 BD-DhUL
005 20160622124324.0
008 020801s2003 xxka b 001 0 eng
010 _a 2002031243
020 _a052182124X
035 _a(OCoLC)ocm50315111
035 _a(NNC)4080604
040 _cBD-DhUL
_dBD-DhUL
042 _apcc
043 _aa------
_ap------
_ad------
050 0 0 _aHF2294
_b.O68 2003
082 _a381
_bOPT
245 0 0 _aOptions for global trade reform :
_ba view from the Asia-Pacific /
_cWill Martin and Mari Pangestu.
260 _aCambridge :
_bCambridge University Press,
_c2003.
300 _axvii, 316 p. :
_bill. ;
_c24 cm.
504 _aIncludes bibliographical references and index.
610 2 0 _aWorld Trade Organization
_zDeveloping countries.
650 0 _aFree trade
_zAsia.
650 0 _aFree trade
_zPacific Area.
650 0 _aForeign trade regulation
_zAsia.
650 0 _aForeign trade regulation
_zPacific Area.
650 0 _aInternational trade.
651 0 _aAsia
_xCommercial policy.
651 0 _aPacific Area
_xCommercial policy.
700 1 _aMartin, Will.
700 1 _aPangestu, Mari.
830 0 _aTrade and development (Cambridge, England)
856 4 2 _3Publisher description
_uhttp://www.loc.gov/catdir/description/cam031/2002031243.html
856 4 1 _3Table of contents
_uhttp://www.loc.gov/catdir/toc/cam031/2002031243.html
942 _2ddc
_cBK
999 _c79854
_d79854